LEADER 01311nam--2200409---450- 001 990001307450203316 005 20071114120502.0 010 $a3-533-02291-9 035 $a000130745 035 $aUSA01000130745 035 $a(ALEPH)000130745USA01 035 $a000130745 100 $a20031218d1974----km-y0enga50------ba 101 $ager 102 $aDE 105 $a||||||||001yy 200 1 $a<> Nibelungenlied in seiner Epoche$eRevision eines romantischen Mythos$fWalter Falk 210 $aHeidelberg$cC. Winter$d1974 215 $a267 p.$d24 cm. 225 2 $aGermanische Bibliothek$i3. Reihe, Untersuchungen und Einzdarstellungen 410 0$12001$aGermanische Bibliothek$i3. Reihe, Untersuchungen und Einzdarstellungen 454 1$12001 461 1$1001-------$12001 605 $aNibelungenlied 676 $a831.21 700 1$aFALK,$bWalter$0192676 801 0$aIT$bsalbc$gISBD 912 $a990001307450203316 951 $aVII.1.B. 161$b200274 L.M.$cVII.1.B.$d00162174 959 $aBK 969 $aUMA 979 $aMARIA$b10$c20031218$lUSA01$h0922 979 $aPATRY$b90$c20040406$lUSA01$h1733 979 $aRIVELLI$b90$c20071114$lUSA01$h1203 979 $aRIVELLI$b90$c20071114$lUSA01$h1205 996 $aNibelungenlied in seiner Epoche$9929155 997 $aUNISA LEADER 03331nam 2200733Ia 450 001 9910784288403321 005 20230617003234.0 010 $a1-282-19497-6 010 $a9786612194979 010 $a3-11-019993-9 024 3 $z9783110183443 035 $a(CKB)1000000000335168 035 $a(EBL)280179 035 $a(OCoLC)476023368 035 $a(SSID)ssj0000280148 035 $a(PQKBManifestationID)11210809 035 $a(PQKBTitleCode)TC0000280148 035 $a(PQKBWorkID)10286382 035 $a(PQKB)10662679 035 $a(WaSeSS)Ind00009594 035 $a(DE-B1597)32268 035 $a(OCoLC)992492689 035 $a(DE-B1597)9783110199932 035 $a(Au-PeEL)EBL280179 035 $a(CaPaEBR)ebr10154753 035 $a(CaONFJC)MIL219497 035 $a(OCoLC)122256689 035 $a(MiAaPQ)EBC280179 035 $a(EXLCZ)991000000000335168 100 $a20750901d2005 uy 0 101 0 $ager 135 $aur|n|---||||| 181 $ctxt 182 $cc 183 $acr 200 00$aMammalia$b[electronic resource] 205 $aReprint 2020 210 $aNew York $cW. de Gruyter$d2005 215 $a1 online resource (256 p.) 225 1 $aHandbuch der Zoologie ;$v8 225 0 $aChiroptera ;$v3 300 $aDescription based upon print version of record. 311 $a3-11-018344-7 320 $aIncludes bibliographical references and index. 327 $a1. Wohnra?ume; 1.0. Einleitung; 1.1. Megachiroptera; 1.2. Microchiroptera; 1.3. Zusammenfassung; 1.4. Zeitliche Nutzung der Tages-quartiere; 1.5. Na?chtliche Ruhepla?tze; 2. Nahrung und Erna?hrung; 2.0. Einleitung; 2.1. Microchiroptera; 2.2. Megachiroptera; 3. Fortpflanzung und Entwicklung; 3.0. Einleitung; 3.1. Fortpflanzungszyklen; 3.2. Fru?he Embryonalentwicklung und; 3.3. Geburt; 3.4. Tragzeiten; 3.5. Laktation und Milch; 3.6. Postnatale Entwicklung; 3.7. Die Entwicklung des Haarkleides; 4. Temperaturregulation, Torpor und Winterschlaf; 4.0. Einleitung; 4.1. Megachiroptera 327 $a4.2. Microchiroptera5. Soziale Strukturen und soziales Verhalten; 5.0. Einleitung; 5.1. Soziale Strukturen; 5.2. Soziales Verhalten und Kommuni-kation; 5.3. Mehrartige Gruppierungen 330 $aThis third Part (62) of Volume VIII (Mammalia) of the Handbook of Zoology completes the series on bats. In this volume Erwin Kulzer presents the biology of bats, drawing on the profound knowledge from a lifetime of study. The contents reach from egg maturation to birth, from nutrition and its acquisition to social behavior and communicative relationships. In each chapter numerous figures and tables supplement the text. An extensive reference list of more than 1300 titles makes the book an indispensable reference work. 410 0$aHandbuch der Zoologie ;$v8. 606 $aZoology 606 $aMammals 615 0$aZoology. 615 0$aMammals. 676 $a590 676 $a591.5 700 $aKulzer$b Erwin, $4aut$4http://id.loc.gov/vocabulary/relators/aut$01561263 701 $aKrumbach$b Thilo$fb. 1874.$01561264 701 $aKu?kenthal$b W. G$g(Willy Georg),$f1861-1922.$084567 801 0$bMiAaPQ 801 1$bMiAaPQ 801 2$bMiAaPQ 906 $aBOOK 912 $a9910784288403321 996 $aMammalia$93827837 997 $aUNINA LEADER 01466oam 2200409zu 450 001 9910872793303321 005 20241212214755.0 035 $a(CKB)111026746701488 035 $a(SSID)ssj0000396537 035 $a(PQKBManifestationID)12123977 035 $a(PQKBTitleCode)TC0000396537 035 $a(PQKBWorkID)10334935 035 $a(PQKB)10708709 035 $a(EXLCZ)99111026746701488 100 $a20160829d2000 uy 101 0 $aeng 181 $ctxt 182 $cc 183 $acr 200 10$a34th International Conference on Technology of Object-Oriented Languages and Systems: TOOLS 34: July 30-August 4, 2000, Santa Barbara, California, USA: Proceedings 210 31$a[Place of publication not identified]$cIEEE Computer Society Press$d2000 300 $aBibliographic Level Mode of Issuance: Monograph 311 08$a9780769507743 311 08$a0769507743 606 $aComputer Science$2HILCC 606 $aEngineering & Applied Sciences$2HILCC 615 7$aComputer Science 615 7$aEngineering & Applied Sciences 676 $a005.1/17 700 $aLi$b Qiaoyun$01015750 701 $aLi$b Qiaoyun$01015750 712 12$aTOOLS (Conference) 801 0$bPQKB 906 $aPROCEEDING 912 $a9910872793303321 996 $a34th International Conference on Technology of Object-Oriented Languages and Systems: TOOLS 34: July 30-August 4, 2000, Santa Barbara, California, USA: Proceedings$92373266 997 $aUNINA